000 00668nam a2200241Ia 4500
003 OSt
005 20221007074251.0
006 a|||||r|||| 00| 0
007 ta
008 221006b |||||||| |||| 00| 0 eng d
024 _a21,681
037 _cTextual
040 _aFLL
_cFLL
_beng
041 _2eng
_aeng
082 _aZ2:805q, J3.3
100 _aChitaley V. V.
245 0 _aCode of criminal procedure (v of 1898)
250 _a5th
260 _aNagpur
_bAll India Reporter Ltd. India
_c1956
700 _a Rao K. N. Annaji
_9692866
942 _hZ2:805q, J3.3
_cTEXL
_2CC
999 _c1151752
_d1151752